[Event "?"]
[Site "?"]
[Date "2007.02.26"]
[Round "2.26"]
[White "Heuser, Johannes"]
[Black "Winkels, Sabrina"]
[Result "1-0"]
[WhiteElo "1503"]
[BlackElo "928"]
[PlyCount "25"]
[EventDate "2007.??.??"]

1. e4 e5 2. Nf3 Nc6 3. d4 exd4 4. Nxd4 Nge7 5. Nc3 h6 6. Bc4 Ne5 7. Bb3 d6 8.
O-O g6 9. f4 N5c6 10. Be3 Bg7 11. f5 Bf6 12. fxg6 Nxg6 13. Qf3 1-0

[Event "?"]
[Site "?"]
[Date "2007.02.26"]
[Round "2.31"]
[White "Sikorski, Thomas"]
[Black "Gallmeister, Christian"]
[Result "1-0"]
[WhiteElo "1697"]
[BlackElo "1318"]
[PlyCount "43"]
[EventDate "2007.??.??"]

1. c4 c5 2. Nf3 Nf6 3. d4 d5 4. e3 Bf5 5. Nc3 e6 6. cxd5 exd5 7. Bb5+ Nbd7 8.
Ne5 a6 9. Bxd7+ Bxd7 10. O-O c4 11. Qf3 Be6 12. e4 Be7 13. exd5 Nxd5 14. Be3
O-O 15. Rac1 b5 16. Nc6 Qd7 17. Nxd5 Bh4 18. Nc3 a5 19. Ne5 Qc8 20. Nxb5 f6 21.
Nxc4 Bxc4 22. Nd6 1-0

[Event "?"]
[Site "?"]
[Date "2007.02.26"]
[Round "2.15"]
[White "Schröder, Christian"]
[Black "Ritter, Uwe"]
[Result "0-1"]
[WhiteElo "1500"]
[BlackElo "2084"]
[PlyCount "36"]
[EventDate "2007.??.??"]

1. e4 e5 2. Nf3 Nc6 3. Bb5 a6 4. Bxc6 dxc6 5. O-O f6 6. c3 Qd3 7. Re1 Bc5 8. b4
Ba7 9. Qe2 Qxe2 10. Rxe2 Bg4 11. d4 Bxf3 12. gxf3 exd4 13. cxd4 Bxd4 14. Bb2
Bxb2 15. Rxb2 O-O-O 16. Rd2 Ne7 17. Rxd8+ Rxd8 18. Kg2 Rd1 0-1

[Event "?"]
[Site "?"]
[Date "2007.03.05"]
[Round "3.1"]
[White "Hassenrück, Helmut"]
[Black "Thiemann, Sebastian"]
[Result "0-1"]
[WhiteElo "2165"]
[BlackElo "1788"]
[PlyCount "88"]
[EventDate "2007.??.??"]

1. d4 Nf6 2. Nf3 g6 3. c4 Bg7 4. Nc3 d5 5. cxd5 Nxd5 6. e4 Nxc3 7. bxc3 c5 8.
Rb1 O-O 9. Be2 b6 10. Be3 Bb7 11. e5 Nc6 12. h4 cxd4 13. cxd4 Qd5 14. h5 Qxa2
15. hxg6 hxg6 16. Rc1 Na5 17. Rc7 Rfe8 18. Bg5 Rac8 19. Rxe7 Rxe7 20. Bxe7 Nb3
21. O-O Bd5 22. Bg5 Qb2 23. Ba6 Rc7 24. Re1 Bxf3 25. Qxf3 Nxd4 26. Qa8+ Kh7 27.
Re3 Rc1+ 28. Kh2 Bxe5+ 29. f4 Rh1+ 30. Kxh1 Qc1+ 31. Kh2 Qxe3 32. fxe5 Qxe5+
33. Kg1 Qxg5 34. Qxa7 Qe3+ 35. Kh2 Kg7 36. Bc4 Qf4+ 37. g3 Qf5 38. Qc7 b5 39.
Ba2 Qf2+ 40. Kh3 Qf1+ 41. Kh4 Qh1+ 42. Kg4 Qh5+ 43. Kf4 Qf3+ 44. Ke5 Qxg3+ 0-1

[Event "?"]
[Site "?"]
[Date "2007.03.05"]
[Round "3.3"]
[White "Berens, Thomas"]
[Black "Radi, Günter"]
[Result "*"]
[WhiteElo "2069"]
[BlackElo "1945"]
[PlyCount "78"]
[EventDate "2007.??.??"]

1. d4 Nf6 2. Nf3 g6 3. c4 c5 4. Nc3 cxd4 5. Nxd4 d6 6. e4 Bg7 7. Be2 O-O 8. O-O
Nbd7 9. Be3 Nc5 10. f3 Bd7 11. Qd2 Re8 12. Rac1 Ne6 13. Nxe6 Bxe6 14. Nd5 Nd7
15. Rc2 b6 16. Rd1 Nc5 17. b4 Nb7 18. Rdc1 Bd7 19. Bd4 e5 20. Bf2 Rc8 21. Nc3
Bc6 22. Nb5 Bxb5 23. cxb5 Rxc2 24. Rxc2 h6 25. Bc4 Re7 26. Bd5 Rc7 27. Qc1 Rxc2
28. Qxc2 Qe7 29. a4 Bf6 30. Qc8+ Nd8 31. a5 bxa5 32. bxa5 Kg7 33. b6 axb6 34.
axb6 Qe8 35. b7 Qa4 36. Qc1 (36. h3 Nxb7 37. Qxb7) 36... Qb4 37. Qf1 Qb2 38.
Qa6 Qb1+ 39. Qf1 Qb2 *

[Event "?"]
[Site "?"]
[Date "2007.03.05"]
[Round "3.5"]
[White "Vlatten, Andre"]
[Black "Mancic, Ivan"]
[Result "1-0"]
[WhiteElo "2056"]
[BlackElo "1765"]
[PlyCount "119"]
[EventDate "2007.??.??"]

1. e4 c5 2. Nf3 Nc6 3. Nc3 d6 4. d4 cxd4 5. Nxd4 e5 6. Nf3 Nf6 7. Bg5 Be7 8.
Be2 Be6 9. O-O h6 10. Bxf6 Bxf6 11. Nd2 a6 12. Nc4 Nd4 13. Ne3 Rc8 14. Bd3 Bg5
15. Ncd5 Bxe3 16. Nxe3 Qg5 17. c3 Nc6 18. Bc4 Nd4 19. Bxe6 Nxe6 20. Qxd6 Rd8
21. Qb4 Nf4 22. Rfd1 Nd3 23. Qa4+ Kf8 24. Qc2 Nf4 25. Rxd8+ Qxd8 26. Rd1 Qg5
27. Qd2 Ne6 28. Qd6+ Kg8 29. Rd5 Qh5 30. Qxe5 Qe2 31. Rd7 Qxb2 32. Qf5 Qb1+ 33.
Nf1 Qxa2 34. Qxf7+ Kh7 35. Qf5+ Kg8 36. Re7 Nf8 37. Qd5+ Qxd5 38. exd5 Ng6 39.
Rxb7 Nf4 40. c4 Kh7 41. Ne3 Ra8 42. g3 Nd3 43. Kf1 a5 44. Ke2 Nc5 45. Rc7 Na6
46. Rc6 Nb4 47. Rb6 Na6 48. d6 Nc5 49. Rc6 Ne6 50. Kd3 Nd8 51. Rb6 Ne6 52. Nc2
a4 53. Na3 Kg8 54. Ke4 Nc5+ 55. Kd5 Nd7 56. Rb7 Nf6+ 57. Ke6 Ne4 58. Rc7 Ng5+
59. Ke7 Ra6 60. c5 1-0

[Event "?"]
[Site "?"]
[Date "2007.03.05"]
[Round "3.6"]
[White "Reinholz, Benjamin"]
[Black "Graw, Christopher"]
[Result "0-1"]
[WhiteElo "1729"]
[BlackElo "2164"]
[PlyCount "66"]
[EventDate "2007.??.??"]

1. e4 c5 2. Nf3 Nc6 3. Bb5 Na5 4. d4 a6 5. Be2 cxd4 6. Nxd4 Qc7 7. b3 Nf6 8.
Qd3 b5 9. Bb2 Bb7 10. Nd2 d5 11. exd5 Nxd5 12. c4 Nf4 13. Qg3 e5 14. N4f3 f6
15. cxb5 Qc2 16. Bxe5 fxe5 17. Nxe5 Qf5 18. Qc3 Nxe2 19. Kxe2 Rc8 20. Nec4 Nxc4
21. bxc4 Kf7 22. Rhe1 axb5 23. Kf1 Bc5 24. f3 b4 25. Qb3 Rhe8 26. a3 Bd4 27.
Rad1 Bc3 28. Rxe8 Rxe8 29. c5+ Kf8 30. Qc4 Bd5 31. Qa6 Bxd2 32. Qd6+ Kg8 33.
Rxd2 Qb1+ 0-1

[Event "?"]
[Site "?"]
[Date "2007.03.05"]
[Round "3.8"]
[White "Ritter, Uwe"]
[Black "Distelrath, Oliver"]
[Result "1-0"]
[WhiteElo "2084"]
[BlackElo "1980"]
[PlyCount "31"]
[EventDate "2007.??.??"]

1. e4 c6 2. d4 d5 3. Nc3 dxe4 4. Nxe4 Nf6 5. Nxf6+ exf6 6. c3 Bd6 7. Bd3 O-O 8.
Qc2 g6 (8... Re8+ 9. Ne2 g6 10. h4 f5 11. h5 Qf6 12. hxg6 fxg6 13. Qb3+ Kh8 14.
Bg5 Qg7 $13) 9. Ne2 Nd7 10. h4 Re8 11. h5 Nf8 12. hxg6 fxg6 13. Bh6 f5 (13...
Be6 $13 {mit der Idee} 14. Bxf8 Bxf8 15. Bxg6 hxg6 16. Qxg6+ Bg7 $19) 14. Qb3+
Kh8 15. Qf7 Ne6 16. Bf4 1-0

[Event "?"]
[Site "?"]
[Date "2007.03.05"]
[Round "3.9"]
[White "Göldenboog, Jürgen"]
[Black "Diekhans, Christoph"]
[Result "1-0"]
[WhiteElo "2016"]
[BlackElo "1572"]
[PlyCount "39"]
[EventDate "2007.??.??"]

1. d4 e6 2. c4 b6 3. e4 Bb7 4. Bd3 Nf6 5. Qe2 d5 6. cxd5 exd5 7. Bb5+ c6 8.
exd5+ Qe7 9. dxc6 Bxc6 10. Nc3 a6 11. Bxc6+ Nxc6 12. Be3 b5 13. Rc1 Rd8 14.
Nxb5 axb5 15. Rxc6 Qe4 16. Qxb5 Nd7 17. Nf3 Rb8 18. Qc4 Bb4+ 19. Ke2 Nb6 20.
Qxf7+ 1-0

[Event "?"]
[Site "?"]
[Date "2007.03.05"]
[Round "3.13"]
[White "Schwarz, Ingo"]
[Black "Heuser, Johannes"]
[Result "1-0"]
[WhiteElo "1987"]
[BlackElo "1503"]
[PlyCount "77"]
[EventDate "2007.??.??"]

1. e4 c5 2. Bc4 e6 3. Qe2 Be7 4. f4 d5 5. Bb5+ Bd7 6. exd5 exd5 7. Nc3 Nf6 8.
Bxd7+ Qxd7 9. Nf3 Nc6 10. d3 d4 11. Ne4 O-O 12. O-O Rfe8 13. h3 h6 14. Ne5 Qc7
15. Ng4 Nh7 16. f5 Bg5 17. Bxg5 Nxg5 18. Ngf6+ gxf6 19. Nxf6+ Kf8 20. Qh5 Kg7
21. Nxe8+ Rxe8 22. f6+ Kh7 23. Qg4 Ne5 24. Qf5+ Kh8 25. h4 Ngf3+ 26. Rxf3 Nxf3+
27. Qxf3 Re3 28. Qh5 Kh7 29. Rf1 Rg3 30. Qf5+ Kg8 31. Re1 Qc6 32. Re4 Kh8 33.
h5 b5 34. Qf4 Rg5 35. g4 Qd7 36. Kf2 Kg8 37. Kg3 a5 38. Re7 Qc6 39. Qb8+ 1-0

[Event "?"]
[Site "?"]
[Date "2007.03.05"]
[Round "3.16"]
[White "Müller-Kreth, Kai"]
[Black "Rubbert, Horst"]
[Result "1-0"]
[WhiteElo "1796"]
[BlackElo "1527"]
[PlyCount "63"]
[EventDate "2007.??.??"]

1. c4 c5 2. Nc3 Nf6 3. g3 Nc6 4. Bg2 e6 5. e3 d5 6. cxd5 exd5 7. Nge2 Be6 8. d4
cxd4 9. Nxd4 Nxd4 10. exd4 Be7 11. O-O O-O 12. h3 Qd7 13. Kh2 Rac8 14. Re1 Rfd8
15. Bf4 Bd6 16. Be5 Be7 17. g4 b5 18. Qd3 b4 19. Ne2 Ne8 20. Bg3 f5 21. Nf4 Bf7
22. gxf5 Bd6 23. Ne6 Bxg3+ 24. Qxg3 Bxe6 25. fxe6 Qd6 26. Qxd6 Rxd6 27. Rac1
Rc4 28. Rxc4 dxc4 29. d5 Nf6 30. Rc1 g5 31. Rxc4 Nxd5 32. Rd4 1-0

[Event "?"]
[Site "?"]
[Date "2007.03.05"]
[Round "3.20"]
[White "Dieterle, Frank"]
[Black "Behrendt, Kevin"]
[Result "0-1"]
[WhiteElo "1287"]
[BlackElo "1705"]
[PlyCount "96"]
[EventDate "2007.??.??"]

1. f4 d5 2. Nf3 Nc6 3. e3 g6 4. Bb5 Bd7 5. Bxc6 Bxc6 6. Ne5 Qd6 7. d4 Bg7 8. c4
dxc4 9. Nxc4 Qb4+ 10. Nbd2 Bxg2 11. Rg1 Bh3 12. a3 Qb5 13. Qe2 Qd7 14. Ne4 b6
15. Ng5 Be6 16. Bd2 h6 17. Nxe6 Qxe6 18. Rc1 Rc8 19. Qf3 Bxd4 20. Kf2 Bc5 21.
b4 Bd6 22. Qb7 Nf6 23. Nxd6+ exd6 24. Rxc7 Rxc7 25. Qxc7 O-O 26. Qc2 Ne4+ 27.
Ke2 Rc8 28. Qd3 Nxd2 29. Qxd2 Qe4 30. Rc1 Qg2+ 31. Kd3 Qxd2+ 32. Kxd2 Rxc1 33.
Kxc1 Kg7 34. Kd2 Kf6 35. Kd3 Kf5 36. h3 f6 37. Kd4 h5 38. b5 g5 39. fxg5 fxg5
40. Kd3 g4 41. hxg4+ hxg4 42. Ke2 Ke4 43. Kf2 d5 44. Ke2 g3 45. a4 g2 46. Kf2
g1=Q+ 47. Kxg1 Kxe3 48. Kf1 d4 0-1

[Event "?"]
[Site "?"]
[Date "2007.03.05"]
[Round "3.23"]
[White "Rubach, Martin"]
[Black "Schröder, Christian"]
[Result "1-0"]
[WhiteElo "1516"]
[BlackElo "1500"]
[PlyCount "51"]
[EventDate "2007.??.??"]

1. Nf3 Nf6 2. b3 e6 3. Bb2 Bc5 4. e3 d5 5. d4 Bb6 6. Ba3 Nbd7 7. Be2 a6 8. O-O
c5 9. Nc3 Qc7 10. Qd3 O-O 11. Na4 Re8 12. Nxb6 Qxb6 13. c4 Ne4 14. Rfc1 Qa5 15.
Bb2 Qd8 16. Nd2 Nxd2 17. Qxd2 b6 18. cxd5 exd5 19. dxc5 Nxc5 20. Qd4 Qg5 21.
Bf3 Bb7 22. Rd1 Rad8 23. h4 Qh6 24. Rd2 Ne4 25. Bxe4 Rxe4 26. Qxe4 1-0

[Event "?"]
[Site "?"]
[Date "2007.03.05"]
[Round "3.28"]
[White "Diekhans, Georg"]
[Black "Czarnecky, Leo"]
[Result "1/2-1/2"]
[WhiteElo "1329"]
[BlackElo "1251"]
[PlyCount "67"]
[EventDate "2007.??.??"]

1. e4 e5 2. Bc4 Nc6 3. Nf3 Bc5 4. a3 Nf6 5. d3 Na5 6. Ba2 Nc6 7. h3 h6 8. b4
Bb6 9. O-O O-O 10. Bb2 d6 11. Nh2 Re8 12. c3 Be6 13. c4 Nd4 14. Nd2 c5 15. Bxd4
exd4 16. Kh1 Nd7 17. Ndf3 a6 18. Re1 Qf6 19. Rf1 Ne5 20. Nxe5 Qxe5 21. f4 Qf6
22. f5 Bd7 23. Qh5 Bd8 24. Bb3 Qg5 25. Qxg5 Bxg5 26. g4 Bd2 27. bxc5 dxc5 28.
Nf3 Be3 29. h4 b5 30. h5 a5 31. a4 b4 32. Ne1 Bg5 33. Ng2 f6 34. Nf4 1/2-1/2